Digital culture unplugged : (Record no. 750400)

MARC details
000 -LEADER
fixed length control field 00710nam a2200229Ia 4500
003 - CONTROL NUMBER IDENTIFIER
control field OSt
005 - DATE AND TIME OF LATEST TRANSACTION
control field 20240919104301.0
008 - FIXED-LENGTH DATA ELEMENTS--GENERAL INFORMATION
fixed length control field 220927b |||||||| |||| 00| 0 eng d
020 ## - INTERNATIONAL STANDARD BOOK NUMBER
International Standard Book Number 0415445450
037 ## - SOURCE OF ACQUISITION
Terms of availability Textual
040 ## - CATALOGING SOURCE
Original cataloging agency SDCL
Transcribing agency SDCL
Language of cataloging eng
041 ## - LANGUAGE CODE
Source of code eng
Language code of text/sound track or separate title eng
100 ## - MAIN ENTRY--PERSONAL NAME
Personal name Rajan, Nalini Ed.
9 (RLIN) 403249
245 #0 - TITLE STATEMENT
Title Digital culture unplugged :
Remainder of title Probing the native cyborg's multiple locations /
260 ## - PUBLICATION, DISTRIBUTION, ETC.
Place of publication, distribution, etc. London :
Name of publisher, distributor, etc. Routledge,
Date of publication, distribution, etc. 2007.
300 ## - PHYSICAL DESCRIPTION
Extent vii,219p.
650 ## - SUBJECT ADDED ENTRY--TOPICAL TERM
Topical term or geographic name entry element Rajan Nalini
9 (RLIN) 433998
650 ## - SUBJECT ADDED ENTRY--TOPICAL TERM
Topical term or geographic name entry element Sociology-Digitization
9 (RLIN) 433999
942 ## - ADDED ENTRY ELEMENTS (KOHA)
Classification part Y:10bD6,8(B) P7
Koha item type Textual
Source of classification or shelving scheme Colon Classification (CC)
Holdings
Withdrawn status Lost status Source of classification or shelving scheme Damaged status Not for loan Home library Current library Date acquired Total Checkouts Full call number Barcode Date last seen Price effective from Koha item type
    Colon Classification (CC)     South Campus Library South Campus Library 2022-09-28   Y:10bD6,8(B) P7 SC1306483 2022-09-28 2022-09-28 Textual
Copyright @ Delhi University Library System